[Event "URS-ch58"]
[Site "Moscow"]
[Date "1991.??.??"]
[Round "7"]
[White "Tal, Mihail"]
[Black "Naumkin, Igor"]
[Result "1/2-1/2"]
[WhiteElo "2575"]
[BlackElo "2490"]
[PlyCount "31"]
[EventDate "1991.11.??"]
[EventType "swiss"]
[EventRounds "11"]
[EventCountry "URS"]
[SourceTitle "URS-ch"]
[Source "ChessBase"]
[SourceDate "1999.07.01"]
[SourceVersion "1"]
[SourceVersionDate "1999.07.01"]
[SourceQuality "1"]

1. Nf3 Nf6 2. c4 b6 3. d4 e6 4. e3 Bb7 5. Bd3 d5 6. Nc3 Nbd7 7. 0-0 Be7 8. Qe2 0-0 9. e4 dxe4 10. Nxe4 Nxe4 11. Bxe4 Bxe4 12. Qxe4 c5 13. Rd1 Nf6 14. Qe2 Qc7 15. b3 Rfd8 16. Bb2 1/2-1/2

[Event "San Francisco"]
[Site "San Francisco"]
[Date "1991.??.??"]
[Round "5"]
[White "Tal, Mihail"]
[Black "Polgar, Zsuzsa"]
[Result "1/2-1/2"]
[WhiteElo "2570"]
[BlackElo "2510"]
[PlyCount "30"]
[EventDate "1991.03.??"]
[EventType "tourn"]
[EventRounds "11"]
[EventCountry "USA"]
[EventCategory "12"]
[SourceTitle "CBM 023"]
[Source "ChessBase"]
[SourceDate "1991.08.01"]
[SourceVersion "1"]
[SourceVersionDate "1991.08.01"]
[SourceQuality "1"]

1. Nf3 d5 2. c4 dxc4 3. e3 Nf6 4. Bxc4 e6 5. d4 a6 6. Qe2 c5 7. 0-0 b5 8. Bd3 cxd4 9. exd4 Be7 10. a4 bxa4 11. Nc3 0-0 12. Nxa4 Nc6 13. Rd1 Nb4 14. Bc4 Bb7 15. Ne5 Bd5 1/2-1/2

[Event "Leningrad op"]
[Site "Leningrad"]
[Date "1991.??.??"]
[Round "?"]
[White "Tal, Mihail"]
[Black "Sveshnikov, Evgeny"]
[Result "0-1"]
[WhiteElo "2565"]
[BlackElo "2510"]
[PlyCount "148"]
[EventDate "1991.??.??"]
[EventType "swiss"]
[EventRounds "9"]
[EventCountry "URS"]
[SourceTitle "TD"]
[Source "ChessBase"]
[SourceDate "1994.03.01"]
[SourceVersion "1"]
[SourceVersionDate "1994.03.01"]
[SourceQuality "1"]

1. c4 c6 2. Nf3 d5 3. d4 Nf6 4. e3 Bf5 5. Bd3 Bxd3 6. Qxd3 e6 7. Nc3 Nbd7 8. 0-0 Be7 9. e4 dxe4 10. Nxe4 0-0 11. Bf4 c5 12. Rad1 Qb6 13. b3 Rfd8 14. Nc3 cxd4 15. Nxd4 Nc5 16. Qe2 Rd7 17. Ndb5 a6 18. Rxd7 Ncxd7 19. Na4 Qc6 20. Nd4 Qe4 21. Qxe4 Nxe4 22. Rd1 Ndc5 23. Nb6 Nc3 24. Nxa8 Nxd1 25. Kf1 Nc3 26. a3 Nd3 27. Bd2 Ne4 28. Be3 Bxa3 29. Ke2 Ne5 30. f3 Nf6 31. Nb6 Ned7 32. Na4 Bd6 33. g3 h5 34. Nc2 Ne8 35. c5 Be7 36. Nb4 Ne5 37. Nb6 a5 38. Nd3 Nc6 39. Nc4 Nf6 40. Nde5 Nxe5 41. Nxe5 Nd5 42. Bf2 f6 43. Nc4 a4 44. bxa4 Nc3+ 45. Kf1 Nxa4 46. Na5 Bxc5 47. Nxb7 Bxf2 48. Kxf2 Kf7 49. Nd6+ Ke7 50. Ne4 Nb6 51. Ke3 Nc4+ 52. Kd4 Nd6 53. Nc5 Nf5+ 54. Ke4 Kd6 55. Nd3 g5 56. Nb4 Kc5 57. Na6+ Kb6 58. Nb8 Kc7 59. Na6+ Kc6 60. Nb4+ Kb5 61. Nd3 Kc4 62. Nb2+ Kc3 63. Na4+ Kd2 64. f4 Nd6+ 65. Kd4 gxf4 66. gxf4 Ke2 67. Nc5 h4 68. Nxe6 Kf3 69. Kd5 Nf5 70. Nc5 Ne3+ 71. Kd4 Ng4 72. h3 Nf2 73. f5 Nxh3 74. Ne4 Nf4 0-1

[Event "Moscow4"]
[Site "Moscow"]
[Date "1991.??.??"]
[Round "?"]
[White "Tal, Mihail"]
[Black "Zakharov, Alexander V"]
[Result "1/2-1/2"]
[WhiteElo "2565"]
[BlackElo "2380"]
[PlyCount "41"]
[EventDate "1991.??.??"]
[EventType "swiss"]
[EventRounds "9"]
[EventCountry "URS"]
[SourceTitle "TD"]
[Source "ChessBase"]
[SourceDate "1994.03.01"]
[SourceVersion "1"]
[SourceVersionDate "1994.03.01"]
[SourceQuality "1"]

1. e4 c5 2. Nf3 d6 3. d4 cxd4 4. Nxd4 Nf6 5. Nc3 Nc6 6. Bg5 a6 7. f4 Ng4 8. Nxc6 bxc6 9. h3 Ne3 10. Qd2 Nxf1 11. Rxf1 h6 12. Bh4 g5 13. fxg5 Qa5 14. g6 fxg6 15. Rxf8+ Rxf8 16. Bxe7 Qc5 17. Bxf8 Qg1+ 18. Ke2 Qxg2+ 19. Ke1 Qg1+ 20. Ke2 Qg2+ 21. Ke1 1/2-1/2

[Event "San Francisco"]
[Site "San Francisco"]
[Date "1991.??.??"]
[Round "2"]
[White "Wolff, Patrick G"]
[Black "Tal, Mihail"]
[Result "1-0"]
[WhiteElo "2520"]
[BlackElo "2570"]
[PlyCount "109"]
[EventDate "1991.03.??"]
[EventType "tourn"]
[EventRounds "11"]
[EventCountry "USA"]
[EventCategory "12"]
[SourceTitle "CBM 023"]
[Source "ChessBase"]
[SourceDate "1991.08.01"]
[SourceVersion "1"]
[SourceVersionDate "1991.08.01"]
[SourceQuality "1"]

1. e4 e5 2. Nf3 Nc6 3. Bb5 a6 4. Ba4 Nf6 5. 0-0 b5 6. Bb3 Bb7 7. c3 Nxe4 8. d4 Na5 9. Nxe5 Nxb3 10. Qxb3 Qf6 11. f3 Nc5 12. Ng4 Nxb3 13. Nxf6+ gxf6 14. Re1+ Be7 15. axb3 d6 16. Bf4 Kd7 17. Nd2 a5 18. Nf1 Bd5 19. c4 Bc6 20. Ne3 a4 21. d5 Bb7 22. Ra3 Rhb8 23. cxb5 axb3 24. Rxb3 Ra4 25. g3 Ba6 26. Nf5 Bd8 27. Re4 Ra1+ 28. Kf2 Rxb5 29. Rxb5 Bxb5 30. Rb4 Bd3 31. Nd4 Ra5 32. Ke3 Bb1 33. Nb5 f5 34. Nc3 Ba2 35. b3 Bf6 36. Kd3 Bxc3 37. Kxc3 Bb1 38. Rd4 Ra2 39. Rd1 Rc2+ 40. Kb4 Rb2 41. Rc1 Ba2 42. Ka3 Rxh2 43. Ra1 Bxb3 44. Kxb3 Rf2 45. Rh1 Rxf3+ 46. Kc4 Ke7 47. Rxh7 Kf6 48. Rh8 Rf2 49. Rc8 Rc2+ 50. Kd3 Rc5 51. Kd4 Ke7 52. Bg5+ f6 53. Bf4 Rc2 54. Rh8 Kf7 55. Rh1 1-0

[Event "Bundesliga 9091"]
[Site "Germany"]
[Date "1990.11.10"]
[Round "3.2"]
[White "Maus, Soenke"]
[Black "Tal, Mihail"]
[Result "0-1"]
[WhiteElo "2440"]
[BlackElo "2580"]
[PlyCount "56"]
[EventDate "1990.10.06"]
[EventType "team-tourn"]
[EventRounds "15"]
[EventCountry "GER"]
[SourceTitle "GER-chT"]
[Source "ChessBase"]
[SourceDate "1999.07.01"]
[SourceVersion "1"]
[SourceVersionDate "1999.07.01"]
[SourceQuality "1"]
[WhiteTeam "Hamburger SK"]
[BlackTeam "Koeln Porz"]
[WhiteTeamCountry "GER"]
[BlackTeamCountry "GER"]

1. c4 c5 2. g3 Nf6 3. Bg2 g6 4. Nc3 Bg7 5. e3 0-0 6. Nge2 Nc6 7. 0-0 d6 8. d4 Bd7 9. b3 a6 10. Bb2 Rb8 11. Qd2 Qa5 12. Rfd1 cxd4 13. exd4 Rfd8 14. d5 Ne5 15. Nd4 b5 16. cxb5 axb5 17. Nce2 Qb6 18. h3 e6 19. dxe6 fxe6 20. Nf4 Re8 21. Nc2 Nf7 22. Nb4 d5 23. Bxf6 Bxf6 24. Nbxd5 exd5 25. Nxd5 Qd6 26. Nxf6+ Qxf6 27. Qxd7 Re2 28. Qd4 Re1+ 0-1

[Event "URS Club Cup 2nd Group1"]
[Site "Podolsk"]
[Date "1990.03.??"]
[Round "?"]
[White "Tal, Mihail"]
[Black "Smirin, Ilia"]
[Result "1-0"]
[WhiteElo "2585"]
[BlackElo "2535"]
[PlyCount "69"]
[EventDate "1990.03.??"]
[EventType "team-tourn"]
[EventRounds "6"]
[EventCountry "URS"]
[SourceTitle "EXT 2020"]
[Source "ChessBase"]
[SourceDate "2019.10.17"]
[SourceVersion "1"]
[SourceVersionDate "2019.10.17"]
[SourceQuality "1"]
[WhiteTeam "Riga Chess & Draughts Club"]
[BlackTeam "Minsk Chess & Draughts House"]
[WhiteTeamCountry "URS"]
[BlackTeamCountry "URS"]

1. Nf3 Nf6 2. c4 g6 3. Nc3 Bg7 4. e4 d6 5. d4 0-0 6. Be2 e5 7. dxe5 dxe5 8. Qxd8 Rxd8 9. Bg5 c6 10. Nxe5 Re8 11. 0-0-0 Na6 12. Rd6 Rxe5 13. Bxf6 Bxf6 14. Rxf6 Nc5 15. Rd6 Nxe4 16. Rd8+ Kg7 17. Nxe4 Rxe4 18. Bf3 Rxc4+ 19. Kd2 c5 20. Rc1 Rxc1 21. Kxc1 h5 22. h4 Rb8 23. Re8 f6 24. Bd5 g5 25. g3 gxh4 26. gxh4 Kg6 27. Kd2 b5 28. Ke3 b4 29. a3 bxa3 30. bxa3 a5 31. Kf4 a4 32. f3 Kg7 33. Be6 Bxe6 34. Rxb8 Bb3 35. Rb5 1-0